For, Fore, Four – Click Quiz - Statistics

General Stats
  • This quiz has been taken 24,890 times
  • The average score is 21 of 30
Answer Stats
Hint Answer % Correct
A number Four
99%
A shortened version of "before" Fore
96%
Used to indicate purpose For
93%
Prior Fore
89%
Because of For
87%
A conjunction For
86%
🕓 Four
86%
In front of Fore
83%
The Thing's "Fantastic" group Four
83%
Prefix to "arms" Fore
79%
Used to indicate an errant golf shot Fore
76%
"One", "all" and this word make a Musketeer's quote For
74%
Can link two clauses For
73%
My kingdom ___ a horse! For
73%
Quomodo "quattuor" Anglice dicatur. Four
72%
Prefix to "pence" Four
70%
___ score and seven years ago Four
67%
Adele's 1994 album??? Four
63%
___gone conclusion Fore
62%
La mitad de ocho Four
61%
IV Four
61%
Where___ art thou, Romeo? Fore
60%
Prefix to "sooth" For
59%
The opposite of aft Fore
58%
C'est "pour" For
49%
When a cricket ball hits the boundary Four
47%
Suffix to "whereto" Fore
46%
Cats have five ___ toes Fore
38%
Cats have ___ hind toes Four
38%
When spelled out, 40 has it at the beginning For
25%
No matching quizzes found
Score Distribution
Percent of People with Each Score
Percentile by Number Answered
Your Score History
You have not taken this quiz